Vista normal
Vista MARC
Entrada Personal Name
Número de registros utilizados en: 1
001 - CONTROL NUMBER
- control field: 16483
003 - CONTROL NUMBER IDENTIFIER
- control field: DLC
005 - DATE AND TIME OF LATEST TRANSACTION
- control field: 20241120085556.0
008 - FIXED-LENGTH DATA ELEMENTS
- fixed length control field: 020417n| azannaabn |a aaa
010 ## - LIBRARY OF CONGRESS CONTROL NUMBER
- LC control number: n 2002033357
040 ## - CATALOGING SOURCE
- Original cataloging agency: DLC
- Language of cataloging: spa
- Description conventions: rda
- Transcribing agency: Mx-PuUPA
- Modifying agency: DLC
- Modifying agency: Mx-PuUPA
046 ## - SPECIAL CODED DATES
- Birth date: 19260227
- Source of date scheme: edtf
- Death date: 20141103
100 1# - HEADING--PERSONAL NAME
- Personal name: Yurrieta Valdés, José,
- Dates associated with a name: 1926-2014
370 ## - ASSOCIATED PLACE
- Place of birth: Toluca de Lerdo (Mexico)
- Source of term: naf
- Place of death: Toluca, Estado de México, México
373 ## - ASSOCIATED GROUP
- Associated group: Universidad Autónoma del Estado de México
- Source of term: naf
374 ## - OCCUPATION
- Occupation: Autor
- Occupation: Investigador
- Occupation: Profesor
375 ## - GENDER
- Gender: hombre
377 ## - ASSOCIATED LANGUAGE
- Language code: spa
400 1# - SEE FROM TRACING--PERSONAL NAME
- Personal name: Valdés, José Yurrieta
- Dates associated with a name: 1926-2014
670 ## - SOURCE DATA FOUND
- Source citation: Vélez Sencier, C.A., Vida y obra, 1998:
- Information found: t.p. (Jośe Yurrieta Valdés)
670 ## - SOURCE DATA FOUND
- Source citation: Peñaloza García, I. LX aniversario de la autonomía ICLA-UAEM, 2004:
- Information found: t.p.(José Yurrieta Valdés) jkt. (b. Toluca, Mexico, Feb. 27, 1926)
670 ## - SOURCE DATA FOUND
- Source citation: Un insurgente desconocido, 2014:
- Information found: t.p. (Jośe Gabriel Yurrieta-Valdés) back flap (b. Toluca; has taught at the Universidad Autónoma del Estado de México)